| 000 | 00446nam a22001697a 4500 | ||
|---|---|---|---|
| 003 | MPLRDC | ||
| 005 | 20220104113606.0 | ||
| 008 | 210129b ||||| |||| 00| 0 eng d | ||
| 082 | _a857.62 CHRIS v.4 | ||
| 100 | _aAGATHA CHRISTIE | ||
| 245 |
_a镜子魔术 _c宋碧云 译 |
||
| 260 |
_a _b远景出版事业公司 _c1982 |
||
| 300 | _b平 | ||
| 490 | _a克莉丝蒂侦探小说全集. 4 | ||
| 650 | _a推理小说 | ||
| 942 |
_cBK _o857.62 CHRIS v.4 |
||
| 999 |
_c827 _d817 |
||